[Event "Titled Tuesday intern op 30th Apr Early"]
[Site "Chess.com INT"]
[Date "2024.04.30"]
[Round "6"]
[White "Marcziter, Dmitrii"]
[Black "Dinu, Dumitru Daniel"]
[Result "0-1"]
[WhiteElo "2209"]
[BlackElo "2190"]
[PlyCount "100"]
[EventDate "2024.04.30"]
[EventType "swiss (blitz)"]
[EventRounds "11"]
[EventCountry "USA"]
[SourceTitle "CB19_2024"]
[SourceDate "2024.05.08"]
[SourceVersion "1"]
[SourceVersionDate "2024.05.08"]
[SourceQuality "1"]

1. e4 c5 2. Nc3 Nc6 3. f4 g6 4. Nf3 Bg7 5. Bc4 e6 6. d3 Nge7 7. a3 0-0 8. 0-0 d5 9. Ba2 b6 10. f5 d4 11. Ne2 exf5 12. Bg5 fxe4 13. dxe4 Be6 14. Bxe6 fxe6 15. Nf4 Qd7 16. Qd2 h6 17. Bxe7 Nxe7 18. Rae1 Rf7 19. Nd3 Qc7 20. b3 Raf8 21. a4 g5 22. h3 Ng6 23. Rf2 Qg3 24. Kh1 Nh4 25. Ref1 Nxf3 26. Rxf3 Rxf3 27. Rxf3 Rxf3 28. gxf3 Qxh3+ 29. Kg1 Qxf3 30. e5 Qg3+ 31. Kf1 Bxe5 32. Qe2 Qh3+ 33. Ke1 Bf6 34. Kd2 Qf5 35. Qg2 Qd5 36. Qg4 Qf5 37. Qg2 g4 38. Qa8+ Kg7 39. Qxa7+ Kg6 40. Qxb6 Bg5+ 41. Kd1 g3 42. Qb7 Qg4+ 43. Ke1 g2 44. Ne5+ Kf5 45. Nxg4 g1Q+ 46. Ke2 Qxg4+ 47. Kd3 Qd1+ 48. Kc4 Qxc2+ 49. Kb5 Qxb3+ 50. Kxc5 Qxb7 0-1

[Event "Titled Tuesday intern op 30th Apr Early"]
[Site "Chess.com INT"]
[Date "2024.04.30"]
[Round "3"]
[White "Toktomushev, Teimur"]
[Black "Dinu, Dumitru Daniel"]
[Result "0-1"]
[WhiteElo "2266"]
[BlackElo "2190"]
[PlyCount "180"]
[EventDate "2024.04.30"]
[EventType "swiss (blitz)"]
[EventRounds "11"]
[EventCountry "USA"]
[SourceTitle "CB19_2024"]
[SourceDate "2024.05.08"]
[SourceVersion "1"]
[SourceVersionDate "2024.05.08"]
[SourceQuality "1"]

1. d4 Nf6 2. c4 c5 3. d5 b5 4. cxb5 a6 5. bxa6 g6 6. Nc3 Bg7 7. e4 d6 8. a7 Rxa7 9. Nf3 0-0 10. Be2 Ba6 11. 0-0 Qa5 12. Re1 Bxe2 13. Qxe2 Nfd7 14. Nb5 Rb7 15. a4 Na6 16. Bd2 Nb4 17. Bc3 Rfb8 18. Nd2 Qd8 19. Nc4 Bxc3 20. bxc3 Na6 21. e5 dxe5 22. Nxe5 Nxe5 23. Qxe5 Rd7 24. Rad1 c4 25. d6 exd6 26. Nxd6 Qc7 27. Rd4 Rbd8 28. Nxc4 Rxd4 29. Qxc7 Nxc7 30. cxd4 Rxd4 31. Nb6 Rb4 32. a5 Rb5 33. Ra1 Kg7 34. Nc4 Na6 35. g3 Rc5 36. Ne3 Kf6 37. Kg2 h5 38. Kf3 Ke6 39. h4 Ke7 40. Ke4 Kd6 41. Kd4 Kc6 42. Nc4 Rd5+ 43. Kc3 Rf5 44. f4 Rc5 45. Kd4 Rd5+ 46. Ke3 Rc5 47. Ne5+ Kd5 48. Nxf7 Rc3+ 49. Kf2 Ke6 50. Ng5+ Kf5 51. Re1 Kg4 52. Re6 Nc5 53. Rxg6 Kf5 54. Rg8 Nd3+ 55. Ke2 Nb4 56. Nf7 Ke4 57. Nd6+ Kd5 58. Nf5 Ke4 59. Nd6+ Kd5 60. Nf5 Rc2+ 61. Kd1 Ra2 62. Ng7 Kc4 63. Rc8+ Kd3 64. Rd8+ Kc3 65. Nxh5 Nd3 66. Rxd3+ Kxd3 67. Kc1 Rxa5 68. g4 Ke4 69. f5 Kf3 70. f6 Kxg4 71. f7 Rf5 72. Ng7 Rxf7 73. Ne6 Kxh4 74. Nd4 Kg4 75. Nc2 Kf3 76. Nd4+ Ke4 77. Nc2 Rd7 78. Kb2 Kd3 79. Na3 Rb7+ 80. Ka2 Rb4 81. Nb1 Kc2 82. Na3+ Kc1 83. Ka1 Rb2 84. Nc4 Rb3 85. Ka2 Kc2 86. Na3+ Kc3 87. Nb1+ Kb4 88. Ka1 Rh3 89. Ka2 Rh2+ 90. Ka1 Kb3 0-1

[Event "Titled Tuesday intern op 06th Feb Early"]
[Site "Chess.com INT"]
[Date "2024.02.06"]
[Round "4"]
[White "Dinu, Dumitru Daniel"]
[Black "Schut, Han"]
[Result "1-0"]
[WhiteElo "2190"]
[BlackElo "2091"]
[PlyCount "63"]
[EventDate "2024.02.06"]
[EventType "swiss (blitz)"]
[EventRounds "11"]
[EventCountry "USA"]
[SourceTitle "CB07_2024"]
[SourceDate "2024.02.14"]
[SourceVersion "1"]
[SourceVersionDate "2024.02.14"]
[SourceQuality "1"]

1. e4 c5 2. Nf3 d6 3. Bb5+ Bd7 4. Bxd7+ Qxd7 5. c4 Nf6 6. Nc3 g6 7. d4 cxd4 8. Nxd4 Bg7 9. h3 0-0 10. Be3 Rc8 11. b3 e6 12. 0-0 d5 13. exd5 exd5 14. Nxd5 Nxd5 15. cxd5 Qxd5 16. Nf3 Qxd1 17. Raxd1 Nc6 18. Rd7 b6 19. Rc1 Rd8 20. Rxd8+ Nxd8 21. Rc7 Ne6 22. Rd7 h6 23. g3 Bf8 24. Ne5 Nd8 25. Ng4 h5 26. Nf6+ Kg7 27. Ne8+ Kg8 28. Nc7 Rc8 29. Nb5 a6 30. Nd6 Bxd6 31. Rxd6 Rc2 32. Rxd8+ 1-0

[Event "Titled Tuesday intern op 06th Feb Early"]
[Site "Chess.com INT"]
[Date "2024.02.06"]
[Round "9"]
[White "Shuvalova, Polina"]
[Black "Dinu, Dumitru Daniel"]
[Result "1-0"]
[WhiteElo "2455"]
[BlackElo "2190"]
[PlyCount "85"]
[EventDate "2024.02.06"]
[EventType "swiss (blitz)"]
[EventRounds "11"]
[EventCountry "USA"]
[SourceTitle "CB07_2024"]
[SourceDate "2024.02.14"]
[SourceVersion "1"]
[SourceVersionDate "2024.02.14"]
[SourceQuality "1"]

1. e4 c5 2. Nf3 d6 3. d4 cxd4 4. Nxd4 Nf6 5. Nc3 a6 6. Be2 e5 7. Nb3 Be7 8. 0-0 0-0 9. Be3 Be6 10. Qd2 Nbd7 11. Rfd1 Rc8 12. f3 Nb6 13. a4 Nc4 14. Bxc4 Bxc4 15. Qf2 Qc7 16. Bb6 Qb8 17. a5 Bd8 18. Na4 d5 19. Nbc5 dxe4 20. fxe4 Bb5 21. Bxd8 Rcxd8 22. Nb6 Bc6 23. Qf5 Rxd1+ 24. Rxd1 Rd8 25. Rd3 h6 26. h3 Rxd3 27. cxd3 Qd6 28. Qf2 Bb5 29. Qe3 Qc6 30. b4 Ne8 31. Kh2 Nc7 32. Qg3 f6 33. Qg4 Ne8 34. h4 Kf7 35. h5 Ke7 36. Qg6 Kf8 37. Qf5 Ke7 38. Nd5+ Kf8 39. Ne6+ Kg8 40. Ne7+ Kf7 41. Nxc6 Bxc6 42. Nd8+ Ke7 43. Nxc6+ 1-0

[Event "Titled Tuesday intern op 19th Dec Early"]
[Site "Chess.com INT"]
[Date "2023.12.19"]
[Round "5"]
[White "Agibileg, Uurtsaikh"]
[Black "Dinu, Dumitru Daniel"]
[Result "1-0"]
[WhiteElo "2445"]
[BlackElo "2190"]
[PlyCount "60"]
[EventDate "2023.12.19"]
[EventType "swiss (blitz)"]
[EventRounds "11"]
[EventCountry "USA"]
[SourceTitle "CB52_2023"]
[SourceDate "2023.12.27"]
[SourceVersion "1"]
[SourceVersionDate "2023.12.27"]
[SourceQuality "1"]

1. d4 Nf6 2. c4 e6 3. Nc3 Bb4 4. f3 d5 5. a3 Bxc3+ 6. bxc3 c5 7. cxd5 Nxd5 8. dxc5 f5 9. Nh3 Qa5 10. e4 fxe4 11. fxe4 Nf6 12. Be2 0-0 13. 0-0 Qxc3 14. Bf4 Qxc5+ 15. Kh1 e5 16. Rc1 Qe7 17. Be3 b6 18. Rxf6 Qxf6 19. Qd5+ Be6 20. Qxa8 Qe7 21. Ng5 Qxa3 22. Nxe6 Qxe3 23. Rg1 Re8 24. Nc7 Rf8 25. Qd5+ Kh8 26. Ne6 Rg8 27. Nd8 h6 28. Bh5 Qg5 29. Nf7+ Kh7 30. Nxg5+ hxg5 1-0

[Event "Titled Tuesday intern op 19th Dec Early"]
[Site "Chess.com INT"]
[Date "2023.12.19"]
[Round "8"]
[White "Caruana, Fabiano"]
[Black "Dinu, Dumitru Daniel"]
[Result "1-0"]
[WhiteElo "2794"]
[BlackElo "2190"]
[PlyCount "65"]
[EventDate "2023.12.19"]
[EventType "swiss (blitz)"]
[EventRounds "11"]
[EventCountry "USA"]
[SourceTitle "CB52_2023"]
[SourceDate "2023.12.27"]
[SourceVersion "1"]
[SourceVersionDate "2023.12.27"]
[SourceQuality "1"]

1. h3 e5 2. c4 Nf6 3. d3 Bb4+ 4. Nd2 d5 5. cxd5 Qxd5 6. a3 Bxd2+ 7. Bxd2 c5 8. e4 Qd6 9. b4 Nc6 10. bxc5 Qxc5 11. Nf3 0-0 12. Be2 Qd6 13. 0-0 Be6 14. Qb1 Qd7 15. Bc3 Nd4 16. Bxd4 exd4 17. Qb4 Rfd8 18. Rfc1 Rac8 19. Rxc8 Qxc8 20. Nxd4 a5 21. Qb6 Bd7 22. Nf3 Re8 23. Qxa5 Qc2 24. Qd2 Qa4 25. Qb4 Qc2 26. Nd4 Qc7 27. Rb1 Bc8 28. Nb5 Qc2 29. Qb2 Qc5 30. Rc1 Qb6 31. Qb4 Qe6 32. Nc7 Rd8 33. Nxe6 1-0

[Event "Titled Tuesday intern op 19th Dec Early"]
[Site "Chess.com INT"]
[Date "2023.12.19"]
[Round "1"]
[White "Muradli, Mahammad"]
[Black "Dinu, Dumitru Daniel"]
[Result "0-1"]
[WhiteElo "2550"]
[BlackElo "2190"]
[PlyCount "146"]
[EventDate "2023.12.19"]
[EventType "swiss (blitz)"]
[EventRounds "11"]
[EventCountry "USA"]
[SourceTitle "CB52_2023"]
[SourceDate "2023.12.27"]
[SourceVersion "1"]
[SourceVersionDate "2023.12.27"]
[SourceQuality "1"]

1. Nf3 Nf6 2. b3 c5 3. c4 Nc6 4. Bb2 g6 5. g3 Bg7 6. Bg2 0-0 7. 0-0 b6 8. d4 cxd4 9. Nxd4 Bb7 10. Nc3 a6 11. Rc1 Ra7 12. Nd5 e6 13. Nc3 Nxd4 14. Qxd4 Bxg2 15. Kxg2 d5 16. Rfd1 Rd7 17. c5 Ne4 18. Qxg7+ Kxg7 19. Nxe4+ f6 20. Ng5 Qe7 21. cxb6 e5 22. Nf3 Rb8 23. Rc6 d4 24. Rdc1 Qd8 25. Nd2 Rxb6 26. Rc8 Qe7 27. Nc4 Rbb7 28. Ba3 Qe6 29. Bf8+ Kf7 30. Bh6 Rdc7 31. Rf8+ Ke7 32. Rh8 Qd5+ 33. f3 Ke6 34. Re8+ Re7 35. Rh8 Rbc7 36. Rd1 e4 37. Kf2 Qh5 38. Bf4 Qxh2+ 39. Ke1 Qg1+ 40. Kd2 e3+ 41. Kc2 Qf2 42. Rxd4 Qxe2+ 43. Kc3 Qe1+ 44. Kb2 Qf2+ 45. Ka3 Qxf3 46. Rd6+ Kf5 47. Rf8 Re6 48. Rd4 e2 49. Bd2 e1Q 50. Bxe1 Rxe1 51. Rf4+ Qxf4 52. gxf4 Re6 53. Nd2 Kxf4 54. Nc4 h5 55. Rg8 g5 56. Kb4 h4 57. a4 h3 58. a5 g4 59. Nb6 h2 60. Rh8 g3 61. Nd5+ Kf3 62. Nxc7 Re4+ 63. Kc5 g2 64. Rxh2 g1Q+ 65. Kc6 Qxh2 66. Nxa6 Re6+ 67. Kb5 Rxa6 68. Kxa6 Qd6+ 69. Kb5 Qd5+ 70. Ka4 Qc6+ 71. Kb4 Ke4 72. Ka3 Qb5 73. b4 f5 0-1

[Event "Titled Tuesday intern op 19th Sep Early"]
[Site "Chess.com INT"]
[Date "2023.09.19"]
[Round "9"]
[White "Gavrilov, Maxim"]
[Black "Dinu, Dumitru Daniel"]
[Result "1/2-1/2"]
[WhiteElo "2186"]
[BlackElo "2194"]
[PlyCount "125"]
[EventDate "2023.09.19"]
[EventType "swiss (blitz)"]
[EventRounds "11"]
[EventCountry "USA"]
[SourceTitle "EXT 2024"]
[Source "ChessBase"]
[SourceDate "2023.10.10"]
[SourceVersion "1"]
[SourceVersionDate "2023.10.10"]
[SourceQuality "1"]

1. d4 d5 2. c4 dxc4 3. e4 Nf6 4. e5 Nd5 5. Bxc4 Nc6 6. Ne2 Be6 7. 0-0 g6 8. Bb3 Bg7 9. Nbc3 0-0 10. f4 Na5 11. Bc2 Nc4 12. Nxd5 Bxd5 13. b3 Nb6 14. f5 c5 15. f6 exf6 16. dxc5 Nc8 17. exf6 Bxf6 18. Bh6 Re8 19. Nf4 Bc6 20. Nh5 Bd4+ 21. Kh1 gxh5 22. Qxh5 Qd5 23. Qg4+ Kh8 24. Rxf7 Qxg2+ 25. Qxg2 Bxg2+ 26. Kxg2 Bxa1 27. Rxh7+ Kg8 28. Bg6 Re6 29. Bf5 Re7 30. Bxc8 Rxh7 31. Be6+ Kh8 32. Bf4 Rg8+ 33. Kf3 Rf8 34. Kg4 Rg7+ 35. Bg5 Bf6 36. h4 Bxg5 37. hxg5 Rfg8 38. Bxg8 Kxg8 39. Kf5 Rc7 40. b4 Kf7 41. Ke5 Kg6 42. Kd6 Rc6+ 43. Kd5 Kxg5 44. b5 Rc7 45. Kd6 Rg7 46. c6 bxc6 47. bxc6 Rg6+ 48. Kd7 Rg7+ 49. Kd8 Kf6 50. c7 Rg8+ 51. Kd7 Rg7+ 52. Kc6 Rg8 53. Kb7 Rg7 54. Kb8 Rxc7 55. Kxc7 Ke7 56. a4 a5 57. Kb6 Kd7 58. Kxa5 Kc8 59. Ka6 Kb8 60. Kb6 Ka8 61. a5 Kb8 62. a6 Ka8 63. a7 1/2-1/2